000 00498nam a2200157 a 4500
001 000031075
005 20200930062704.0
008 110613s2010 dr 000 0 spa d
040 _aDO-SdBNP
_bspa
_cBNPHU
082 _axxxx
_bR426
110 1 _aRepública Domincana.
_bDirección General de Aduanas
_957554
245 1 4 _aUna nueva aduanas honesta y de servicio.
260 _aSanto Domingo :
_bDirección General de Aduanas,
_c[2010?].
300 _a30 p. :
_bil., retrs. ;
_c27 cm.
049 _aBNPD
999 _c30567
_d30567